Loading...
Mathematics, science and epistemology
| Other Authors: | |
|---|---|
| Format: | Printed Book |
| Language: | English |
| Subjects: |
| LEADER | 00379nam a2200109Ia 4500 | ||
|---|---|---|---|
| 008 | 101008s9999 xx 000 0 eng d | ||
| 245 | |a Mathematics, science and epistemology | ||
| 650 | |a Mathematics Teaching | ||
| 700 | |a Worrall, John |e editor. | ||
| 942 | |c BK | ||
| 999 | |c 182191 |d 182191 | ||
| 952 | |0 0 |1 0 |4 0 |7 0 |9 201484 |a EDU |b EDU |c ST1 |d 2010-10-20 |i 3743 |l 1 |p EDU3743 |r 2017-07-11 |s 2017-06-13 |w 2010-10-20 |y BK | ||